| 000 | 00831nam a2200229 a 4500 | ||
|---|---|---|---|
| 001 | 000007037 | ||
| 005 | 20200929154042.0 | ||
| 008 | 090904s2003 dr a r 000 0 spa d | ||
| 040 |
_aDO-SdBNP _bspa _cBNPHU |
||
| 082 |
_a796.48 _bS321p |
||
| 100 | 1 |
_aScheker Ortíz, Luis _99515 |
|
| 245 | 1 | 4 |
_aLos Panamericanos en rojo / _cLuis Scheker Ortíz. |
| 260 |
_aSanto Domingo : _bPunto Mágico, _c2003. |
||
| 300 |
_a217 p. : _bil. ; _c21 cm. |
||
| 500 | _aIncluye datos biográficos del autor en la solapa de la contracubierta. | ||
| 504 | _aIncluye referencias bibliográficas y notas al pie de páginas. | ||
| 504 | _aBibliografía : p. 217. | ||
| 590 | _aInventariado, 2018/BT | ||
| 650 | 4 |
_aOlimpiadas _zAmérica Central _919546 |
|
| 650 | 4 |
_aDeportes _zRepública Dominicana _919547 |
|
| 910 | _aValidado. Control de calidad. EMS | ||
| 999 |
_c6821 _d6821 |
||